Educación como socialización

El texto de Durkheim aborda la educación como un proceso de socialización. El individuo explora su ser más social desde las enseñanzas que va recibiendo.

Bibliographic Details
Main Author: Durkheim, Emile 1858-1917
Format: Libro
Language:English
Published: Salamanca : Sígueme, 1976.
Series:Pedagogia y sociedad 2
Subjects:
Online Access:

MARC

LEADER 00000cam a2200000 a 4500
001 014469
003 UAHC_CL
005 20210825102359.0
008 010822b xx j 000 1 eng
020 |a 8430104119 
040 |a UAHC_CL  |c UAHC_CL  |d UAHC_CL 
082 0 4 |a 370.193 D947 
100 1 |a Durkheim, Emile  |d 1858-1917 
245 1 0 |a Educación como socialización  |c Emile Durkheim. 
260 |a Salamanca :  |b Sígueme,  |c 1976. 
300 |a 274 p. 
490 0 |a Pedagogia y sociedad  |v 2 
520 |a El texto de Durkheim aborda la educación como un proceso de socialización. El individuo explora su ser más social desde las enseñanzas que va recibiendo. 
650 0 |a Sociología de la educación  |9 163 
942 |c BK  |2 ddc 
952 |0 0  |1 0  |4 0  |6 370_193000000000000_DUR  |7 0  |8 General  |9 28993  |a BC  |b BC  |c General  |d 2017-08-03  |o 370.193 DUR  |p 1304041  |r 2026-01-13 00:00:00  |t 1  |w 2017-08-03  |y BK  |z También lo encuentras en bibliografías.academia.cl 
952 |0 0  |1 0  |4 0  |6 370_193000000000000_DUR  |7 0  |8 General  |9 28994  |a BC  |b BC  |c General  |d 2017-08-03  |l 1  |m 1  |o 370.193 DUR  |p 1304250  |r 2026-01-13 00:00:00  |s 2019-07-22  |t 2  |w 2017-08-03  |y BK  |z También lo encuentras en bibliografías.academia.cl 
952 |0 0  |1 0  |4 0  |6 370_193000000000000_DUR  |7 0  |8 General  |9 28995  |a BC  |b BC  |c General  |d 2017-08-03  |o 370.193 DUR  |p 1381685  |r 2026-01-13 00:00:00  |t 3  |w 2017-08-03  |y BK  |z Fotocopia 
952 |0 0  |1 0  |4 0  |6 370_193000000000000_DUR  |7 0  |8 General  |9 28996  |a BC  |b BC  |c General  |d 2017-08-03  |o 370.193 DUR  |p 1381687  |r 2026-01-13 00:00:00  |t 4  |w 2017-08-03  |y BK  |z Fotocopia 
952 |0 0  |1 0  |4 0  |6 370_193000000000000_DUR  |7 0  |8 General  |9 28997  |a BC  |b BC  |c General  |d 2017-08-03  |o 370.193 DUR  |p 1381688  |r 2026-01-13 00:00:00  |t 5  |w 2017-08-03  |y BK  |z Fotocopia 
999 |c 14469  |d 14469